000 00982nam a22002537a 4500
001 BR2016000837
003 BR-BrBNA
005 20230928104815.0
007 ta
008 230509b bl.||||| |||| 00| 0 por d
040 _aBR-BrBNA
_bpor
_cBiblioteca Nacional de Agricultura
041 _a(Por)
072 _aE14
090 _ E14 BR2016000837
110 1 _aPrograma das Nações Unidas para o Desenvolvimento, Brasília, DF (Brasil)
_97942
245 1 _aAcompanhando a agenda 2030 para o desenvolvimento sustentável: subsídios iniciais do sistema das Nações Unidas no Brasil sobre a identificação de indicadores nacionais referentes aos objetivos de desenvolvimento sustentável
260 3 _aBrasília, DF (Brasil):
_c2015.
300 _a296 p.
500 _aBibliography p. 263-296; Summary (Por); 16 illus.; 113 tables
650 _aDESENVOLVIMENTO SUSTENTÁVEL
650 _aDESENVOLVIMENTO ECONÔMICO
909 _a202309
_bLucia
_c55
_dLucia Elande
942 _cBK
999 _c81855
_d81855